| 000 | 00799nam a22002177a 4500 | ||
|---|---|---|---|
| 008 | 160404b xxu||||| |||| 00| 0 eng d | ||
| 020 | _a9781455776474 | ||
| 082 |
_22014 _aDC 363.23 _bM22 |
||
| 100 |
_94671 _aMcMains, Michael J. |
||
| 245 |
_aCrisis negotiations: _bManaging critical incidents and hostage situations in law enforcement and corrections/ _cMichael J. Mcmains |
||
| 250 | _a5th Edition | ||
| 260 |
_aMassachusetts: _bAnderson Publishing, _cc2014. |
||
| 300 |
_axx, 568 pages: _billustrations; _c23.7 cm. |
||
| 500 | _aInclude index. | ||
| 650 | 0 |
_94672 _aHostage negotiations _zUnited States |
|
| 650 | 0 |
_94673 _aCrisis management _zUnited States |
|
| 650 | 0 |
_94674 _aLaw enforcement _zUnited States |
|
| 700 |
_94675 _aMullins, Wayman C. |
||
| 365 |
_b7,469.00 _cPhp. |
||
| 942 |
_2ddc _cDC |
||
| 999 |
_c1518 _d1518 |
||